000 00517nam a2200169Ia 4500
005 20250508151919.0
008 008 250505s9999 xx 000 0 eng d
037 _aTextual
040 _aFEDL
_beng
_cFEDL
041 _aeng
_2eng
084 _a364.45, GRE
_qFEDL
245 0 _aSeventh report on the work of the children's department November, 1955
260 _aLondon, UK
_bHer Majesty's stationery Office
_c1955
300 _avii,158p.
942 _cTEXL
_h364.45, GRE
999 _c1332915
_d1332915